|
|
|
|
| LEADER |
00000nam0a2200000 4500 |
| 001 |
122500 |
| 005 |
20231031130045.0 |
| 010 |
|
|
|a 9785769543494
|
| 035 |
|
|
|a (RuTPU)RU\TPU\book\132629
|
| 090 |
|
|
|a 122500
|
| 100 |
|
|
|a 20071004d2007 m y0rusy50 ca
|
| 101 |
0 |
|
|a rus
|
| 102 |
|
|
|a RU
|
| 105 |
|
|
|a a j 001zy
|
| 200 |
1 |
|
|a Математика
|e учебник
|f И. Д. Пехлецкий
|
| 205 |
|
|
|a 4-е изд., стер.
|
| 210 |
|
|
|a Москва
|c Академия
|d 2007
|
| 215 |
|
|
|a 300 с.
|c ил.
|
| 225 |
1 |
|
|a Среднее профессиональное образование. Общеобразовательные дисциплины
|
| 320 |
|
|
|a Алфавитный указатель терминов: с. 292-296.
|
| 330 |
|
|
|a Изложены идеи современной математики, необходимые для соответствующего профессионального обучения, в доступном пониманию и прикладному использованию виде. Повышенное внимание уделено смыслу и логике математических построений; формальные математические преобразования занимают минимальное место. Наборы заданий для практических занятий сопровождаются примерами их выполнения. Для студентов образовательных учреждений среднего профессионального образования.
|
| 610 |
1 |
|
|a математика
|
| 610 |
1 |
|
|a учебники
|
| 610 |
1 |
|
|a множества
|
| 610 |
1 |
|
|a функции
|
| 610 |
1 |
|
|a числовые множества
|
| 610 |
1 |
|
|a пределы
|
| 610 |
1 |
|
|a непрерывность
|
| 610 |
1 |
|
|a элементарные функции
|
| 610 |
1 |
|
|a линейная алгебра
|
| 610 |
1 |
|
|a аналитическая геометрия
|
| 610 |
1 |
|
|a производные
|
| 610 |
1 |
|
|a интегралы
|
| 610 |
1 |
|
|a дифференциальные уравнения
|
| 610 |
1 |
|
|a теория вероятностей
|
| 610 |
1 |
|
|a математическая статистика
|
| 610 |
1 |
|
|a задачи
|
| 610 |
1 |
|
|a упражнения
|
| 675 |
|
|
|a 51(075.32)
|v 3
|
| 700 |
|
1 |
|a Пехлецкий
|b И. Д.
|g Игорь Дмитриевич
|
| 801 |
|
1 |
|a RU
|b 63413507
|c 20071004
|g PSBO
|
| 801 |
|
2 |
|a RU
|b 63413507
|c 20200826
|g PSBO
|
| 900 |
|
|
|a Математика
|
| 942 |
|
|
|c BK
|
| 952 |
|
|
|a 510000
|
| 959 |
|
|
|a 67/20070927
|d 15
|e 180,40
|f АНЛ:1
|f ЧЗГЛ:1
|f УФ:13
|